000 00421nam a2200121Ia 4500
008 220620s9999||||xx |||||||||||||| ||und||
100 _aPhilip Sallis
245 0 _aAir Quality - Measurement and Modeling
546 _aEnglish[eng]
650 _aLife Sciences||Environmental Pollution||Air Pollution||Environmental Sciences
856 _uhttps://www.intechopen.com/books/air-quality-measurement-and-modeling
942 _cEB
999 _c28413
_d28413